[Event "POL-ch Seniors"]
[Site "Szklarska Poreba"]
[Date "2022.05.17"]
[Round "6"]
[White "Mannke, Manfred"]
[Black "Betkowski, Andrzej"]
[Result "1/2-1/2"]
[WhiteElo "2122"]
[BlackElo "2048"]
[PlyCount "43"]
[EventDate "2022.05.13"]
[EventType "swiss"]
[EventRounds "9"]
[EventCountry "POL"]
[SourceTitle "EXT 2024"]
[Source "ChessBase"]
[SourceDate "2023.10.10"]
[SourceVersion "1"]
[SourceVersionDate "2023.10.10"]
[SourceQuality "1"]

1. d4 g6 2. c4 Bg7 3. Nc3 c5 4. e3 Nf6 5. Bd3 0-0 6. d5 d6 7. Nge2 e6 8. 0-0 exd5 9. cxd5 Na6 10. e4 Nc7 11. f3 a6 12. a4 Rb8 13. a5 b5 14. axb6 Rxb6 15. Ng3 Nb5 16. Re1 Nd7 17. Bd2 Nd4 18. Ra2 Ne5 19. Bf1 Qh4 20. Be3 Rb4 21. Bf2 Qd8 22. Kh1 1/2-1/2

[Event "POL-ch Seniors"]
[Site "Szklarska Poreba"]
[Date "2022.05.17"]
[Round "5"]
[White "Sokolowski, Ryszard"]
[Black "Mannke, Manfred"]
[Result "1/2-1/2"]
[WhiteElo "2063"]
[BlackElo "2122"]
[PlyCount "34"]
[EventDate "2022.05.13"]
[EventType "swiss"]
[EventRounds "9"]
[EventCountry "POL"]
[SourceTitle "EXT 2024"]
[Source "ChessBase"]
[SourceDate "2023.10.10"]
[SourceVersion "1"]
[SourceVersionDate "2023.10.10"]
[SourceQuality "1"]

1. d4 d5 2. c4 e6 3. Nc3 Nf6 4. cxd5 exd5 5. Bg5 c6 6. e3 Be7 7. Bd3 Nbd7 8. Qc2 0-0 9. Nf3 Re8 10. 0-0 Nf8 11. h3 Ng6 12. Rab1 Bd6 13. Bf5 h6 14. Bxf6 Qxf6 15. Bxc8 Raxc8 16. b4 a6 17. a4 b5 1/2-1/2

[Event "POL-ch Seniors"]
[Site "Szklarska Poreba"]
[Date "2022.05.14"]
[Round "1"]
[White "Sosnowska, Elzbieta"]
[Black "Mannke, Manfred"]
[Result "1/2-1/2"]
[WhiteElo "1685"]
[BlackElo "2122"]
[PlyCount "78"]
[EventDate "2022.05.13"]
[EventType "swiss"]
[EventRounds "9"]
[EventCountry "POL"]
[SourceTitle "EXT 2024"]
[Source "ChessBase"]
[SourceDate "2023.10.10"]
[SourceVersion "1"]
[SourceVersionDate "2023.10.10"]
[SourceQuality "1"]

1. e4 c5 2. Nf3 e6 3. d4 cxd4 4. Nxd4 Nf6 5. Nc3 d6 6. g4 h6 7. Rg1 Nc6 8. Be3 a6 9. h4 h5 10. gxh5 Nxh5 11. Bg5 Nf6 12. Qd2 Qb6 13. 0-0-0 Qxd4 14. Qxd4 Nxd4 15. Rxd4 Bd7 16. Be2 Bc6 17. f3 0-0-0 18. Rgd1 Rd7 19. a4 Nh7 20. Be3 Be7 21. Bf2 g5 22. hxg5 Bxg5+ 23. Kb1 Bf4 24. a5 Nf8 25. Bg1 Ng6 26. Na4 Rdd8 27. Nb6+ Kb8 28. Nc4 d5 29. exd5 Rxd5 30. Rxd5 Bxd5 31. Nb6 Bc6 32. Bc5 Kc7 33. Nc4 Bb5 34. Bb6+ Kc6 35. Bd3 Ne7 36. Be4+ Nd5 37. Na3 f5 38. Bxd5+ exd5 39. Nxb5 axb5 1/2-1/2

[Event "POL-chT 2nd League"]
[Site "Mrzezyno"]
[Date "2011.09.10"]
[Round "8.27"]
[White "Mannke, Manfred"]
[Black "Fengier, Winicjusz"]
[Result "1-0"]
[WhiteElo "2191"]
[BlackElo "2073"]
[PlyCount "69"]
[EventDate "2011.09.03"]
[EventType "team-swiss"]
[EventRounds "9"]
[EventCountry "POL"]
[SourceTitle "EXT 2019"]
[Source "ChessBase"]
[SourceDate "2018.10.10"]
[SourceVersion "1"]
[SourceVersionDate "2018.10.10"]
[SourceQuality "1"]
[WhiteTeam "Warszawa KU AZS UW w"]
[BlackTeam "Gniezno LKS Chrobry"]
[WhiteTeamCountry "POL"]
[BlackTeamCountry "POL"]

1. d4 c5 2. d5 Nf6 3. c4 b5 4. cxb5 a6 5. bxa6 g6 6. Nc3 Bxa6 7. g3 d6 8. Bg2 Bg7 9. Nf3 Nbd7 10. Rb1 Qa5 11. Bd2 0-0 12. 0-0 Nb6 13. b3 Ra7 14. Qc2 Qa3 15. Bc1 Qa5 16. Rd1 Bc8 17. a4 Bf5 18. e4 Bd7 19. Bd2 Qa6 20. Bf1 Qb7 21. h3 Qc8 22. Kh2 c4 23. Be3 Rb7 24. b4 Ne8 25. Nd4 f5 26. a5 Na8 27. Nc6 Bxc6 28. dxc6 Qxc6 29. exf5 Rb8 30. Nd5 Qd7 31. Qxc4 Kh8 32. fxg6 e6 33. Qh4 Be5 34. Nf4 Bf6 35. Qh6 1-0

[Event "POL-chT 2nd League"]
[Site "Mrzezyno"]
[Date "2011.09.05"]
[Round "3.9"]
[White "Markiewicz, Jerzy"]
[Black "Mannke, Manfred"]
[Result "1/2-1/2"]
[WhiteElo "2287"]
[BlackElo "2191"]
[PlyCount "90"]
[EventDate "2011.09.03"]
[EventType "team-swiss"]
[EventRounds "9"]
[EventCountry "POL"]
[SourceTitle "EXT 2015"]
[Source "ChessBase"]
[SourceDate "2014.11.20"]
[SourceVersion "1"]
[SourceVersionDate "2014.11.20"]
[SourceQuality "1"]
[WhiteTeam "Pilzno GKSz Hetman"]
[BlackTeam "Warszawa KU AZS UW w"]
[WhiteTeamCountry "POL"]
[BlackTeamCountry "POL"]

1. d4 Nf6 2. Nf3 e6 3. c4 c5 4. d5 b5 5. dxe6 fxe6 6. cxb5 d5 7. e3 Bd6 8. Nc3 0-0 9. Be2 Nbd7 10. 0-0 Qc7 11. g3 Bb7 12. Ng5 Rfe8 13. Bf3 h6 14. Nxe6 Rxe6 15. Nxd5 Nxd5 16. Bxd5 Bxd5 17. Qxd5 Rae8 18. Bd2 Nb6 19. Qb3 c4 20. Qc2 Qf7 21. a4 Be5 22. a5 Nd7 23. Ra4 Bf6 24. Rxc4 Ne5 25. Rc7 Qh5 26. f4 Ng4 27. Bc1 Nxe3 28. Bxe3 Rxe3 29. Qc4+ Kh8 30. Rc8 Rxc8 31. Qxc8+ Re8 32. Qc4 Bxb2 33. Rf2 Qd1+ 34. Kg2 Bd4 35. Ra2 Qg1+ 36. Kh3 Qe3 37. b6 axb6 38. a6 b5 39. Qxb5 Ba7 40. Rc2 Qe7 41. Rc7 Qxc7 42. Qxe8+ Kh7 43. Qe4+ Kg8 44. Qe8+ Kh7 45. Qe4+ Kg8 1/2-1/2

[Event "POL-chT 2nd League"]
[Site "Mrzezyno"]
[Date "2011.09.03"]
[Round "1"]
[White "Klekowski, Maciej"]
[Black "Mannke, Manfred"]
[Result "1-0"]
[WhiteElo "2271"]
[BlackElo "2191"]
[PlyCount "83"]
[EventDate "2011.09.03"]
[EventType "team-swiss"]
[EventRounds "9"]
[EventCountry "POL"]
[SourceTitle "EXT 2015"]
[Source "ChessBase"]
[SourceDate "2014.11.20"]
[SourceVersion "1"]
[SourceVersionDate "2014.11.20"]
[SourceQuality "1"]
[WhiteTeam "Czestochowa UKS Hetman"]
[BlackTeam "Warszawa KU AZS UW w"]
[WhiteTeamCountry "POL"]
[BlackTeamCountry "POL"]

1. c4 e6 2. Nf3 d5 3. Qc2 Nf6 4. e3 c6 5. a3 Nbd7 6. b4 Bd6 7. Bb2 0-0 8. Be2 a5 9. b5 cxb5 10. cxd5 Nxd5 11. Bxb5 Qc7 12. Nc3 Ne5 13. Nd4 Nxc3 14. Bxc3 Bd7 15. 0-0 Nc6 16. Bxc6 Bxc6 17. Nxc6 Qxc6 18. Qb2 f6 19. a4 b6 20. Rfc1 Qb7 21. Rab1 Rfb8 22. Qb5 Bc5 23. h3 Qe7 24. d4 Bd6 25. Bd2 Ra7 26. Rc6 Rab7 27. Rbc1 h6 28. e4 Kh7 29. Be3 Bb4 30. Bf4 Rd8 31. Rxb6 Rxb6 32. Qxb6 Qd7 33. Be3 Rc8 34. Rxc8 Qxc8 35. d5 exd5 36. exd5 Qc2 37. Qc6 Qd1+ 38. Kh2 Qd3 39. Bf4 Qe4 40. Bg3 f5 41. Qe6 Qxe6 42. dxe6 1-0

[Event "POL-chT3 Mazowiecki"]
[Site "Warsaw"]
[Date "2011.03.20"]
[Round "10.15"]
[White "Mannke, Manfred"]
[Black "Parol, Pawel"]
[Result "1/2-1/2"]
[WhiteElo "2183"]
[BlackElo "1860"]
[PlyCount "51"]
[EventDate "2011.01.09"]
[EventType "team-tourn"]
[EventRounds "10"]
[EventCountry "POL"]
[SourceTitle "EXT 2015"]
[Source "ChessBase"]
[SourceDate "2014.11.20"]
[SourceVersion "1"]
[SourceVersionDate "2014.11.20"]
[SourceQuality "1"]
[WhiteTeam "Warszawa KU AZS UW w II"]
[BlackTeam "Minsk Mazowiecki MTSz"]
[WhiteTeamCountry "POL"]
[BlackTeamCountry "POL"]

1. c4 c6 2. Nf3 Nf6 3. Nc3 d5 4. e3 e6 5. d4 Nbd7 6. Bd3 dxc4 7. Bxc4 b5 8. Bd3 Bb7 9. 0-0 b4 10. Ne4 Be7 11. Nxf6+ Nxf6 12. Qe2 0-0 13. e4 Rc8 14. a3 bxa3 15. b4 a5 16. bxa5 Qxa5 17. Bxa3 Bxa3 18. e5 Ra8 19. exf6 gxf6 20. Rfb1 Qc7 21. Bxh7+ Kxh7 22. Qd3+ Kg7 23. Rxa3 Rxa3 24. Qxa3 Ra8 25. Qe3 Ra4 26. Rc1 1/2-1/2

[Event "POL-chT3 Mazowiecki"]
[Site "Warsaw"]
[Date "2011.01.23"]
[Round "4.20"]
[White "Mannke, Manfred"]
[Black "Zurkowski, Andrzej"]
[Result "1-0"]
[WhiteElo "2183"]
[BlackElo "2138"]
[PlyCount "107"]
[EventDate "2011.01.09"]
[EventType "team-tourn"]
[EventRounds "10"]
[EventCountry "POL"]
[SourceTitle "EXT 2015"]
[Source "ChessBase"]
[SourceDate "2014.11.20"]
[SourceVersion "1"]
[SourceVersionDate "2014.11.20"]
[SourceQuality "1"]
[WhiteTeam "Warszawa KU AZS UW w II"]
[BlackTeam "Otwock UKS MDK"]
[WhiteTeamCountry "POL"]
[BlackTeamCountry "POL"]

1. d4 d6 2. e4 c6 3. c4 e5 4. d5 Be7 5. Be2 c5 6. Nf3 Nf6 7. Nc3 0-0 8. h3 Ne8 9. g4 Bd7 10. Bd3 b5 11. Nxb5 Bxb5 12. cxb5 a6 13. a4 axb5 14. Bxb5 Nc7 15. Be2 Nba6 16. 0-0 Qd7 17. Kg2 Rfb8 18. b3 Nb4 19. Bc4 Qe8 20. Be3 Qd7 21. Qd2 Ne8 22. Ne1 Bd8 23. Nd3 Qe7 24. f3 Ba5 25. Nxb4 Bxb4 26. Qd3 Nc7 27. Ra2 Ra5 28. Re2 Na8 29. f4 Nb6 30. fxe5 Nxc4 31. Qxc4 dxe5 32. d6 Qe6 33. Qxe6 fxe6 34. Rd1 Bc3 35. d7 Bd4 36. Bg5 Raa8 37. d8Q+ Rxd8 38. Bxd8 Rxd8 39. Rc2 Ra8 40. Kf3 Kf7 41. Ke2 Ke7 42. Kd3 Kd6 43. Rf1 Rb8 44. Rb1 Rf8 45. a5 Rb8 46. a6 Kc6 47. b4 Ra8 48. b5+ Kb6 49. Rg2 Ra7 50. Kc4 h6 51. Rf1 Be3 52. Rf8 Rd7 53. Rb8+ Kc7 54. Rb7+ 1-0

[Event "POL-chT3 Mazowiecki"]
[Site "Warsaw"]
[Date "2011.01.09"]
[Round "1.4"]
[White "Mannke, Manfred"]
[Black "Rozycki, Bartlomiej"]
[Result "1-0"]
[WhiteElo "2183"]
[BlackElo "1779"]
[PlyCount "53"]
[EventDate "2011.01.09"]
[EventType "team-tourn"]
[EventRounds "10"]
[EventCountry "POL"]
[SourceTitle "EXT 2015"]
[Source "ChessBase"]
[SourceDate "2014.11.20"]
[SourceVersion "1"]
[SourceVersionDate "2014.11.20"]
[SourceQuality "1"]
[WhiteTeam "Warszawa KU AZS UW w II"]
[BlackTeam "Chylice UKS Szachylice"]
[WhiteTeamCountry "POL"]
[BlackTeamCountry "POL"]

1. d4 d5 2. c4 e6 3. Nc3 Nf6 4. Bg5 Nbd7 5. e3 c6 6. Nf3 Qa5 7. Nd2 Bb4 8. Qc2 0-0 9. Bh4 dxc4 10. Nxc4 Qd5 11. a3 Bxc3+ 12. Qxc3 c5 13. dxc5 Qxc5 14. Rc1 b6 15. Be2 Bb7 16. b4 Qf5 17. 0-0 Qg6 18. f3 Nd5 19. Qd2 N7f6 20. e4 Ne7 21. Ne5 Qh5 22. Bxf6 Rad8 23. Nd7 Bc6 24. Rxc6 Nxc6 25. Bxd8 Rxd8 26. Rc1 Rc8 27. Qd6 1-0

[Event "Mazowiec-chT"]
[Site "Mazowsze"]
[Date "2009.03.01"]
[Round "4"]
[White "Pienkos, Slawomir"]
[Black "Mannke, Manfred"]
[Result "0-1"]
[WhiteElo "1991"]
[BlackElo "2192"]
[PlyCount "134"]
[EventDate "2009.01.11"]
[EventType "team-tourn"]
[EventRounds "10"]
[EventCountry "POL"]
[SourceTitle "EXT 2013"]
[Source "ChessBase"]
[SourceDate "2012.11.22"]
[SourceVersion "1"]
[SourceVersionDate "2012.11.22"]
[SourceQuality "1"]

1. e4 c5 2. f4 e6 3. Nf3 d5 4. e5 Nc6 5. c4 d4 6. d3 f5 7. g3 Be7 8. Bg2 Nh6 9. Qe2 Nf7 10. 0-0 Qc7 11. Na3 Bd7 12. Bd2 0-0 13. Nc2 a5 14. a4 Nb4 15. Nxb4 axb4 16. b3 Nd8 17. h3 Nc6 18. g4 Na5 19. Rfb1 fxg4 20. hxg4 g5 21. fxg5 Bc6 22. Ra2 Bxf3 23. Bxf3 Qd8 24. g6 Bg5 25. gxh7+ Kh8 26. Be4 Bf4 27. Bxf4 Rxf4 28. Qh2 Qg5 29. Rg2 Rxg4 30. Rxg4 Qxg4+ 31. Kh1 Qg7 32. Rf1 Nxb3 33. Qh5 Nd2 34. Rf7 Nxe4 35. dxe4 Qg3 36. Rxb7 d3 37. Qf7 Qxe5 38. Kg1 d2 39. Rd7 Qa1+ 40. Qf1 Qxf1+ 41. Kxf1 Rxa4 42. Ke2 b3 43. Kxd2 Rxc4 44. Rb7 Rxe4 45. Rxb3 Kxh7 46. Rg3 c4 47. Kc3 Kh6 48. Rg8 Kh5 49. Rg7 e5 50. Rg8 Kh4 51. Rg7 Rg4 52. Re7 e4 53. Kxc4 Kg3 54. Kc3 Kf2 55. Kd2 Rf4 56. Re8 Kf3 57. Re7 Rf5 58. Rd7 Kf2 59. Re7 Rd5+ 60. Kc2 e3 61. Rf7+ Ke1 62. Re7 e2 63. Re6 Rd8 64. Rf6 Rc8+ 65. Kb1 Rc4 66. Rf8 Kd2 67. Rd8+ Ke3 0-1

[Event "Mazowiec-chT"]
[Site "Mazowsze"]
[Date "2009.02.15"]
[Round "3"]
[White "Mannke, Manfred"]
[Black "Moskwinski, Tadeusz"]
[Result "1/2-1/2"]
[WhiteElo "2192"]
[BlackElo "2214"]
[PlyCount "90"]
[EventDate "2009.01.11"]
[EventType "team-tourn"]
[EventRounds "10"]
[EventCountry "POL"]
[SourceTitle "EXT 2013"]
[Source "ChessBase"]
[SourceDate "2012.11.22"]
[SourceVersion "1"]
[SourceVersionDate "2012.11.22"]
[SourceQuality "1"]

1. d4 f5 2. c4 Nf6 3. Nc3 g6 4. Bf4 Bg7 5. e3 0-0 6. Nf3 d6 7. h4 c6 8. c5 d5 9. Ne5 Nfd7 10. Be2 b6 11. cxb6 axb6 12. h5 Nxe5 13. Bxe5 Bxe5 14. dxe5 e6 15. hxg6 hxg6 16. Qd4 Ra7 17. 0-0-0 Rg7 18. Qf4 Nd7 19. Qh2 b5 20. Bd3 b4 21. Na4 Qc7 22. f4 Qa7 23. Bc2 Ba6 24. Qg3 Bb5 25. b3 Bxa4 26. bxa4 Nc5 27. Rh6 Kf7 28. Rdh1 Rfg8 29. Qe1 Qb6 30. Qh4 Nd7 31. Rh7 Qxe3+ 32. Kb1 c5 33. Rxg7+ Rxg7 34. Qd8 Nf8 35. Rh8 Qg1+ 36. Kb2 Qd4+ 37. Kc1 Qg1+ 38. Kb2 Qd4+ 39. Kc1 Qg1+ 40. Bd1 Qe3+ 41. Kb1 Qe4+ 42. Bc2 Qe1+ 43. Kb2 Qc3+ 44. Kc1 Qe1+ 45. Bd1 Qe3+ 1/2-1/2

[Event "Mazowiec-chT"]
[Site "Mazowsze"]
[Date "2009.01.25"]
[Round "2"]
[White "Golebiewski, Marek"]
[Black "Mannke, Manfred"]
[Result "1/2-1/2"]
[WhiteElo "1670"]
[BlackElo "2192"]
[PlyCount "172"]
[EventDate "2009.01.11"]
[EventType "team-tourn"]
[EventRounds "10"]
[EventCountry "POL"]
[SourceTitle "EXT 2013"]
[Source "ChessBase"]
[SourceDate "2012.11.22"]
[SourceVersion "1"]
[SourceVersionDate "2012.11.22"]
[SourceQuality "1"]

1. e4 c5 2. Nf3 e6 3. d4 cxd4 4. Nxd4 Nf6 5. Nc3 d6 6. Be2 Be7 7. 0-0 Nc6 8. Be3 0-0 9. f4 Qc7 10. Nxc6 bxc6 11. Qe1 d5 12. e5 Nd7 13. Bd3 c5 14. Bf2 Re8 15. b3 Bb7 16. Qe2 Bf8 17. a4 f5 18. Ba6 Re7 19. Rad1 g5 20. Bxb7 Qxb7 21. fxg5 Bg7 22. Bg3 a6 23. Bf4 d4 24. Nb1 Qd5 25. Nc3 Qc6 26. Nb1 Nf8 27. Nd2 Ng6 28. Nc4 Qe4 29. Qd2 Rb8 30. Rde1 Qc6 31. Qd3 Rd7 32. g3 Rd5 33. Re2 Rd7 34. Qf3 Ne7 35. Qxc6 Nxc6 36. Rd2 Rd5 37. Re1 Kf7 38. Kf2 Kg6 39. h4 Nb4 40. Red1 Na2 41. Kf3 Nc3 42. Re1 d3 43. Ne3 Rd4 44. Rxd3 Rxd3 45. cxd3 Rxb3 46. Rc1 Bf8 47. Ra1 Rb4 48. Nc4 Nd5 49. Bd2 Rb3 50. Ra3 Rb1 51. Ne3 Nb4 52. Rc3 Nc6 53. Kf4 Nd4 54. Rc4 h6 55. Bc3 hxg5+ 56. hxg5 Ne2+ 57. Kf3 Nxc3 58. Rxc3 Kxg5 59. Rc2 Ra1 60. Rc4 Ra3 61. Ke2 Rb3 62. Ng2 Kg6 63. Ne1 Rb4 64. Nf3 Rb2+ 65. Kf1 Rb4 66. Ke2 Rxc4 67. dxc4 Kh5 68. Nd2 Kg4 69. Kf2 f4 70. gxf4 Kxf4 71. Ke2 Kxe5 72. Kd3 Bd6 73. Ne4 Be7 74. Nd2 Kf4 75. Ne4 Kf3 76. Nd2+ Kf2 77. Ne4+ Ke1 78. Nc3 Bf6 79. Ne4 Bd4 80. Ng5 e5 81. Ne6 Kd1 82. a5 Kc1 83. Nc7 Kb2 84. Nxa6 Bc3 85. Nxc5 Bxa5 86. Ke4 Kc3 1/2-1/2

[Event "Mazowiec-chT"]
[Site "Mazowsze"]
[Date "2009.01.11"]
[Round "1"]
[White "Mannke, Manfred"]
[Black "Paterek, Michal"]
[Result "0-1"]
[WhiteElo "2192"]
[BlackElo "2302"]
[PlyCount "22"]
[EventDate "2009.01.11"]
[EventType "team-tourn"]
[EventRounds "10"]
[EventCountry "POL"]
[SourceTitle "EXT 2013"]
[Source "ChessBase"]
[SourceDate "2012.11.22"]
[SourceVersion "1"]
[SourceVersionDate "2012.11.22"]
[SourceQuality "1"]

1. d4 d5 2. c4 c6 3. Nc3 Nf6 4. Nf3 e6 5. Qd3 b6 6. g3 Ba6 7. b3 Nbd7 8. Bg2 Rc8 9. e4 Bb4 10. Nd2 dxc4 11. bxc4 Ne5 0-1

[Event "POL-chT Liga Mazowiecka 2006/07"]
[Site "Poland"]
[Date "2006.12.10"]
[Round "5.8"]
[White "Krasiewicz, Robert"]
[Black "Mannke, Manfred"]
[Result "1-0"]
[WhiteElo "2104"]
[BlackElo "2219"]
[PlyCount "121"]
[EventDate "2006.10.22"]
[EventType "team-swiss"]
[EventRounds "9"]
[EventCountry "POL"]
[SourceTitle "EXT 2011"]
[Source "ChessBase"]
[SourceDate "2010.11.26"]
[SourceVersion "1"]
[SourceVersionDate "2010.11.26"]
[SourceQuality "1"]
[WhiteTeam "Zielonka Zieloni Juniorzy"]
[BlackTeam "Warszawa Modus"]
[WhiteTeamCountry "POL"]
[BlackTeamCountry "POL"]

1. d4 d5 2. c4 e6 3. Nc3 Nf6 4. Nf3 Be7 5. g3 c6 6. b3 Ne4 7. Bd2 f5 8. Bg2 0-0 9. 0-0 Bf6 10. e3 Nd7 11. Rc1 Nxd2 12. Qxd2 Kh8 13. h4 Qe7 14. Ne2 g6 15. Rfd1 Bg7 16. Nf4 Nf6 17. Ne5 Qe8 18. Qb4 Ng4 19. Ned3 Rg8 20. Bf3 Bf8 21. Qd2 Bd6 22. Kg2 Bd7 23. c5 Bc7 24. b4 Rg7 25. Rh1 Qe7 26. Qd1 Qf6 27. h5 g5 28. h6 Re7 29. Nh5 Qxh6 30. Bxg4 fxg4 31. Ne5 Bxe5 32. dxe5 Be8 33. Nf6 Qg6 34. Qxg4 Qf5 35. Qd4 Bg6 36. f3 Qd3 37. Qxd3 Bxd3 38. Rh6 a5 39. a3 axb4 40. axb4 Kg7 41. Rch1 Ra2+ 42. Kg1 Rf7 43. e4 Ra1+ 44. Kg2 Rxh1 45. Rxh1 dxe4 46. Rxh7+ Kg6 47. Rxf7 exf3+ 48. Kxf3 Kxf7 49. Kg4 Kg6 50. Ne8 Be2+ 51. Kh3 Kf5 52. Nd6+ Kxe5 53. Nxb7 Kd5 54. Nd6 Kd4 55. g4 e5 56. Nf7 e4 57. Nxg5 e3 58. Kg3 Bc4 59. Nf3+ Kd3 60. Ne5+ Kc2 61. Nxc4 1-0

[Event "Mazowieckie-chT 0405"]
[Site "Poland"]
[Date "2005.02.06"]
[Round "9"]
[White "Mannke, Manfred"]
[Black "Sliwinski, Marcin"]
[Result "1-0"]
[WhiteElo "2204"]
[BlackElo "2195"]
[PlyCount "85"]
[EventDate "2004.10.03"]
[EventType "team-tourn"]
[EventRounds "10"]
[EventCountry "POL"]
[SourceTitle "EXT 2019"]
[Source "ChessBase"]
[SourceDate "2018.10.10"]
[SourceVersion "1"]
[SourceVersionDate "2018.10.10"]
[SourceQuality "1"]

1. d4 Nf6 2. c4 g6 3. Nc3 Bg7 4. e4 d6 5. f4 0-0 6. Nf3 e6 7. Be2 Nc6 8. e5 Ne8 9. 0-0 f6 10. d5 Ne7 11. dxe6 Bxe6 12. Nd4 Qc8 13. Nd5 Bxd5 14. cxd5 fxe5 15. Bg4 Nf5 16. Ne6 Rf7 17. fxe5 Bxe5 18. Bxf5 gxf5 19. Bh6 Ng7 20. Bxg7 Bxg7 21. Qh5 Qd7 22. Ng5 Bd4+ 23. Kh1 Rf6 24. Ne6 Be5 25. Rxf5 Rxf5 26. Qxf5 c6 27. Rf1 Qe7 28. Qg4+ Kh8 29. Qh5 Kg8 30. b3 cxd5 31. Ng5 Rf8 32. Rxf8+ Kxf8 33. Nxh7+ Kg8 34. Ng5 d4 35. Nf3 a5 36. Qg4+ Qg7 37. Qxg7+ Kxg7 38. Kg1 Kf6 39. g4 Ke6 40. h4 b5 41. h5 a4 42. Kf2 Kd5 43. Nxe5 1-0

[Event "Mazowieckie-chT 0405"]
[Site "Poland"]
[Date "2004.10.03"]
[Round "1"]
[White "Mannke, Manfred"]
[Black "Borowicz, Miroslaw"]
[Result "1-0"]
[WhiteElo "2204"]
[BlackElo "2026"]
[PlyCount "61"]
[EventDate "2004.10.03"]
[EventType "team-tourn"]
[EventRounds "10"]
[EventCountry "POL"]
[SourceTitle "EXT 2019"]
[Source "ChessBase"]
[SourceDate "2018.10.10"]
[SourceVersion "1"]
[SourceVersionDate "2018.10.10"]
[SourceQuality "1"]

1. d4 Nf6 2. c4 d5 3. cxd5 Nxd5 4. Nf3 Bf5 5. Nc3 Nxc3 6. bxc3 e6 7. Qb3 b6 8. e3 Bd6 9. Bb5+ c6 10. Be2 Nd7 11. Nd2 0-0 12. 0-0 Bg6 13. f4 Qc7 14. Rf2 Nf6 15. Bf3 Rad8 16. g4 h6 17. Bb2 Nd5 18. Nc4 Be7 19. Ne5 Bh7 20. c4 f6 21. cxd5 fxe5 22. dxe6 exf4 23. e4 Kh8 24. Rc1 Bf6 25. e5 Be7 26. Rxc6 Qb8 27. d5 Rc8 28. d6 Rxc6 29. dxe7 Rfc8 30. e8R+ Rxe8 31. Bxc6 1-0

[Event "Warsaw"]
[Site "Warsaw"]
[Date "1996.??.??"]
[Round "?"]
[White "Pinski, Jan"]
[Black "Mannke, Manfred"]
[Result "1-0"]
[WhiteElo "2270"]
[BlackElo "2235"]
[PlyCount "43"]
[EventDate "1996.??.??"]
[EventType "game"]
[EventRounds "1"]
[EventCountry "POL"]
[SourceTitle "EXT 2010"]
[Source "ChessBase"]
[SourceDate "2010.11.25"]
[SourceVersion "1"]
[SourceVersionDate "2010.11.25"]
[SourceQuality "1"]

1. e4 c5 2. Nf3 d6 3. d4 cxd4 4. Nxd4 Nf6 5. Nc3 a6 6. f3 e6 7. Be3 b5 8. g4 Bb7 9. Qd2 b4 10. Nce2 d5 11. g5 Nfd7 12. exd5 Bxd5 13. Nf4 Bb7 14. Nfxe6 fxe6 15. Nxe6 Qc8 16. Bh3 Kf7 17. g6+ hxg6 18. Ng5+ Ke8 19. Be6 Be7 20. 0-0-0 Qc6 21. Rhe1 Nf6 22. Bc5 1-0

[Event "Warsaw Legion op"]
[Site "Warsaw"]
[Date "1990.??.??"]
[Round "?"]
[White "Mannke, Manfred"]
[Black "Stoinev, Metodi"]
[Result "0-1"]
[WhiteElo "2235"]
[BlackElo "2355"]
[PlyCount "74"]
[EventDate "1990.??.??"]
[EventType "swiss"]
[EventRounds "9"]
[EventCountry "POL"]
[SourceTitle "EXT 1997"]
[Source "ChessBase"]
[SourceDate "1996.11.15"]
[SourceVersion "1"]
[SourceVersionDate "1996.11.15"]
[SourceQuality "1"]

1. d4 d5 2. c4 e6 3. Nf3 c6 4. cxd5 exd5 5. Nc3 Bd6 6. Bg5 f6 7. Bh4 Ne7 8. e3 Bf5 9. Bd3 0-0 10. Bg3 a5 11. Bxd6 Qxd6 12. Bxf5 Nxf5 13. 0-0 Na6 14. Rc1 Rf7 15. Qc2 Qd7 16. Na4 Re8 17. Nc5 Nxc5 18. Qxc5 Qd8 19. Ne1 Nd6 20. Nd3 Rfe7 21. b3 Re4 22. Qa3 h5 23. Rc5 Nb5 24. Qb2 h4 25. a4 Nd6 26. h3 g5 27. Qd2 R8e7 28. Rxa5 g4 29. hxg4 Rxg4 30. f3 Rg3 31. Nf4 Reg7 32. Rf2 Qe8 33. Kf1 Nf5 34. e4 b6 35. Ra6 dxe4 36. fxe4 Ne3+ 37. Kg1 Qxe4 0-1